గణిత చిహ్నాలు - Statistics

General Stats
  • This quiz has been taken 2 times
  • The average score is 5 of 16
Answer Stats
చిహ్నము సమాధానం % Correct
=
సమానము
100%
÷
విభజన
50%
సుమారు
50%
>
కంటే ఎక్కువ
50%
<
కంటే తక్కువ
50%
అనంతసంఖ్య
50%
కోణపరిమాణము
50%
𝑓
ప్రమేయం
50%
+
కూడిక
0%
-
తీసివేత
0%
×
గుణకారం
0%
%
నూటికి
0%
వర్గమూలము
0%
ఘాతాంకము
0%
!
క్రమగుణితము
0%
సమాకలన
0%
No matching quizzes found
Score Distribution
Percent of People with Each Score
Percentile by Number Answered
Your Score History
You have not taken this quiz